000 00423nam a2200181Ia 4500
001 6111
003 IN-NITTTR
005 20251114233015.0
008 251113s9999||||xx |||||||||||||| ||eng||
040 _beng
040 _cIN-NITTTR
041 _aeng
082 _a540 B148P
100 _aBahl, B. S.
245 0 _aPre-university chemistry. /
_cBahl, B. S., Sharma, G. D.
700 _a Sharma, G. D.
942 _2ddc
_cBK
999 _c8749
_d8749